[Event "Corus"]
[Site "Wijk aan Zee"]
[Date "2002.01.21"]
[Round "8"]
[White "Timman, Jan H"]
[Black "Gelfand, Boris"]
[Result "1-0"]
[WhiteElo "2605"]
[BlackElo "2703"]
[Annotator "Tyomkin,D"]
[PlyCount "59"]
[EventDate "2002.01.12"]
[EventType "tourn"]
[EventRounds "13"]
[EventCountry "NED"]
[EventCategory "18"]
[SourceTitle "CBM 087"]
[Source "ChessBase"]
[SourceDate "2002.03.21"]
[SourceVersion "1"]
[SourceVersionDate "2002.03.21"]
[SourceQuality "1"]

1. e4 c5 2. Nf3 d6 3. d4 cxd4 4. Nxd4 Nf6 5. Nc3 a6 6. Bg5 e6 7. f4 Nbd7 8. Qf3
Qc7 9. O-O-O b5 {This line is a speciality of Boris in Najdorf;} 10. Bxb5 {
Other world top players had tried different lines in this position: Leko- soft
10.a3 in two last year games in Monaco, Kamsky- sharp 10.e5, Adams-10.Bd3; 10.
Bxb5 is another very sharp line which leads to conctrete play;} (10. a3 Bb7 11.
g4 Be7 12. Bxf6 Nxf6 (12... Bxf6 13. g5 Bxd4 14. Rxd4 O-O {0-1 Leko,P-Gelfand,
B/Monaco MNC 2001/The Week in Chess 333 (38)}) 13. g5 Nd7 14. Bh3 Nc5 15. Rhg1
g6 {1/2-1/2 Leko,P-Shirov,A/Monaco MNC 2001/The Week in Chess 334 (45)}) (10.
Bd3 Bb7 11. Rhe1 O-O-O 12. a3 Be7 13. Qe2 $1 $146 {1/2-1/2 Adams,M-Gelfand,B/
Wijk aan Zee 1994/CBM 39/[Gelfand] (45)}) (10. e5 {Gelfand} Bb7 11. Qh3 dxe5
12. Nxe6 fxe6 13. Qxe6+ Be7 14. Nxb5 {0-1 Kamsky,G-Gelfand,B/Linares 1993/CBM
34/[Gelfand] (80)}) 10... axb5 11. Ndxb5 Qb8 12. e5 Ra5 {12...Bb7 is another
principle move, and probably black can reach the balance this way:} (12... Bb7
{Ernst} 13. Qe2 dxe5 14. Qc4 Be7 15. Nc7+ Kf8 16. Rxd7 Nxd7 17. Bxe7+ $5 {
Eine sehr interessante Neuerung in dieser Wild-West-Variante!} (17. Rd1 {Ernst}
Bxg5 18. fxg5 Bc8 19. N3b5 g6 $13 {Kengis - Dvojris, URS 1982.}) 17... Kxe7 18.
Rd1 Bd5 19. N3xd5+ exd5 20. Nxd5+ Kd8 (20... Kf8 {Ernst} 21. Nc7 $36) 21. Nb4
Qc7 22. Qxf7 Ra5 23. Nd5 Rxd5 24. Rxd5 Re8 25. Qxg7 exf4 26. Qf6+ Kc8 27. Qa6+
Kd8 28. Qf6+ Kc8 29. Qg7 Kd8 30. Qxh7 {1/2-1/2 Van der Wiel,J-Renet,O/Cannes
1992/CBM 28/[Ernst] (30)}) 13. exf6 gxf6 14. Bh6 Bxh6 15. Nxd6+ Ke7 16. Kb1 Rd8
{16...Nb6 is interesting too, but 16...Rd8 looks much more logical;} (16... Nb6
17. Nce4 $5 (17. Qe4 Rd8 18. Qb4 (18. Ndb5 $6 Rxb5 (18... Qxf4 $5 19. Qc6 Nd7
20. Rxd7+ Rxd7 21. Qc5+ Qd6 $1) 19. Nxb5 Nd5 (19... Qxf4 20. Qc6 Nd5 21. Qc5+
Ke8 22. Rxd5 $1 $18) 20. c4 Ba6 21. cxd5 Qxb5 22. Rhe1 Bb7 23. Qxh7 Bxd5 24.
Qxh6 Rb8 25. Rd2 Bxa2+ $1 $19 {0-1 Balashov,Y-Polugaevsky,L/Manila 1976/IZT 
(33)}) 18... Rxd6 19. Rxd6 Qxd6 20. Qxa5 Bxf4 21. Rd1 Nc4 22. Qa7+ Qc7 23.
Qxc7+ Bxc7 24. Rd4 Ne3 25. Re4 Nxg2 (25... Bb6 $5) 26. Nd5+ Kd8 27. Nxf6 Bxh2
28. Rd4+ Ke7 29. Ng8+ Ke8 30. Nf6+ {1/2-1/2 Dimitrov,V-Genov,P/BUL 1995/EXT 97
(30)}) 17... Na4 $2 (17... Nd5 $142 18. c4 $36 {[%cal Gc4c5,Gf4f5]}) 18. Nxc8+
Rxc8 19. Qa3+ Nc5 20. Qxa5 Nxe4 21. Qa3+ Nc5 22. g3 $16 {1-0 Psakhis,L-Anikaev,
Y/Frunze 1979/MCL (35)}) 17. Rhe1 {That's the best move for white here;} ({
Black is completely safe in the following line:} 17. Nce4 Bg7 $5 (17... Bb7 18.
Qc3 Ra4 19. Nxb7 Qxb7 20. Rxd7+ Rxd7 21. Qxf6+ Ke8 22. Qh8+ Bf8 23. Nf6+ Ke7
24. Ng8+ (24. Nxd7 Qxd7 $15 {0-1 Pokojowczyk,J-Staniszewski,P/POL-ch 1986/MCL 
(30)}) 24... Kd8 25. Nf6 $11) (17... Qa8 $5 18. Qb3 Bxf4 (18... Nc5 $4 19. Qb6
$18 {[%cal Rd6f5,Re4c5] 1-0 Vasiesiu,D-Tugui,A/Tusnad 1997/EXT 99 (28)}) 19.
Nxc8+ Rxc8 20. Qb4+ Nc5 21. Nxc5 Raxc5 22. Qxf4 Rxc2 $11) 18. Qc3 Ra6 19. f5
Kf8 20. Rhf1 (20. Nxc8 Rxc8 21. Qd3 Qa8 $1 22. Qxd7 $140 Rxa2 23. Qxc8+ Qxc8
24. Kxa2 Qc4+ $19) 20... Ne5 $17 {0-1 Kengis,E-Dvoirys,S/Vilnius 1984/MCD (40)}
) ({The way of computer played in this position doesn't give white anything
too:} 17. Qe4 f5 18. Qd4 Rg8 (18... Ba6 19. Rhe1 $36) 19. Nxc8+ Qxc8 20. Qb4+
Qc5 21. Rxd7+ Kxd7 22. Qb7+ Qc7 $1 (22... Ke8 23. Qb8+ Ke7 24. Qxg8 Bxf4 25.
Rd1 $14 {black hasn't got enought comp.; 1-0 Comp WChess-Wolff,P/Boston 1994/
EXT 99 (34)}) 23. Rd1+ Rd5 24. Rxd5+ (24. Qxc7+ Kxc7 $17) 24... exd5 25. Qxd5+
Ke7 26. Qxf5 Qc4 $17) ({Tactical approach 17.Nxd5 doesn't bring white any
success:} 17. Nd5+ exd5 18. Nf5+ Kf8 19. Nxh6 Nc5 20. Rhe1 Na4 21. b3 Qb4 22.
Re3 Re8 $19 {0-1 Kengis,E-Shneider,A/Vilnius 1984/MCD (48)}) 17... Nb6 18. Ncb5
{[%mdl 1024] The material balance is N+2P of white against pair of black
bishops;} Rxb5 {The only way to keep the defense;} (18... Ba6 $2 19. Nf5+ $1 (
19. Qc3 $2 Rxb5 20. Nxb5 Bxb5 21. Qb4+ Rd6 22. Qxb5 Bxf4 $17 {0-1 Kantsler,
B-Kuporosov,V/Sochi 1979/EXT 99 (37)}) 19... Kf8 (19... Ke8 20. Qc6+ Kf8 21.
Qc3 {-leads to the same;}) 20. Qc3 $1 Rxb5 21. Qxf6 Rxb2+ $1 22. Qxb2 Nd5 23.
Rxd5 $1 Qxb2+ (23... exd5 24. Nxh6 $18) 24. Kxb2 Rxd5 (24... Bg7+ 25. Nxg7 Rxd5
26. Nxe6+ fxe6 27. Rxe6 $16) 25. Nxh6 Rd2 26. g3 Rxh2 27. Ng4 Rh3 {[%cal Gh7h5]
vs some chances to save the game;}) (18... Rd7 {-is another way to repeal
white's threat- Nf5+;} 19. Qc6 Kf8 $8 20. Nxc8 Rxd1+ 21. Rxd1 Nxc8 22. Rd8+ Kg7
23. Qe8 $18) 19. Nxb5 Rxd1+ $5 $146 {[%mdl 8]} (19... Nc4 20. Qb3 Nd2+ (20...
Qxf4 21. Qb4+ Ke8 22. Qc5 {[%cal Rb5c7]} Nd2+ $8 23. Ka1 {[%cal Rb5c7,Rc7d5]}
Bb7 24. g3 $1 Qb8 {Otherwise white would check black by Nd6;} 25. Nc7+ (25. Qh5
$16 {[%cal Re1e6]}) 25... Kd7 26. Qh5 Kxc7 27. Qxh6 $16 {[%csl Rf6,Rh7]}) 21.
Rxd2 Rxd2 22. Qb4+ Rd6 (22... Ke8 23. Qxd2 Qxb5 24. Qc3 $16 {[%csl Rc8,Rf6]})
23. g3 Bd7 24. Qxd6+ Qxd6 {1/2-1/2 Brodsky,M-Timoshchenko,G/Moscow 1992/CBM 33
(24) The evaluation of this ending is principle for the evaluation of all the
opening line-9...b5; But, perhaps, Timman was ready to play this ending vs
white for a win;} 25. Nxd6 Kxd6 26. b4 e5 {and black gets some counterplay;})
20. Rxd1 Bxf4 21. g3 Be5 22. Qa3+ Ke8 23. Nd6+ Bxd6 24. Qxd6 Qxd6 25. Rxd6 Nd5
26. c4 {All was forced till now...} Ke7 $4 {Black should move the knight
instead, but I don't really know what black can oppose to white passed pawns
over the queenside....} (26... Ne3 {[%cal Ge3f1] This ending can be compared
vs final position of the game Brodsky,M-Timoshchenko,G(see 19...Nxc4)- black
is up a pawn here comparing vs that ending, but black has pair of bishops
there and some counterplay as well. In both cases, white has chances to win
thanx to 3 passed pawns over the queenside;} 27. c5 Nf1 (27... Ke7 28. b4 e5
29. a4 Nf1 30. a5 $18) 28. b4 Nxh2 29. b5 $16 {and white pawns are very
dangerous;}) (26... Ne7 {[%cal Ge7f5] was possible too, but it is a bit
passive;} 27. b4 Nf5 28. Rd3 (28. Rb6 Ne3 29. b5 Nxc4 30. Rc6 Nd2+ {[%cal
Gc8d7]} 31. Kc1 Bd7 32. Rc7 $16 {[%cal Gb5b6,Ya2a4]}) 28... Bb7 29. Kb2 e5 30.
b5 $16 {and so on;}) 27. Rc6 $18 Bb7 28. cxd5 Bxc6 29. dxc6 Kd6 (29... f5 30.
b4 {[%cal Gb4b5]}) 30. g4 $1 {Now black can advance his e-pawn maximum on e5
to keep it protected by f-pawn, but white easily wins there by moving his
pawns to a5 and b5 and the king- to c5;} (30. b4 Kxc6 31. g4 $1 (31. a4 f5 $1 {
[%cal Ge6e5,Ge5e4] and black would get his passed e-pawn on e4;})) ({The
following lines show how white easily wins in that pawn ending:} 30. g4 Kxc6
31. Kc2 Kd5 32. Kd3 e5 33. b4 Kc6 (33... e4+ 34. Ke3 Ke5 35. a4 $18) 34. Kc4
Kb6 35. a4 Ka6 36. a5 Kb7 37. b5 Ka7 38. Kc5 Kb7 39. a6+ Ka7 40. Kc6 e4 41. b6+
Kxa6 42. b7 Ka7 43. Kc7 $18) 1-0

[Event "Griesheim GM"]
[Site "Griesheim"]
[Date "2002.01.24"]
[Round "2"]
[White "Jakubiec, Artur"]
[Black "Ginsburg, Gennadij"]
[Result "1-0"]
[WhiteElo "2518"]
[BlackElo "2493"]
[Annotator "Tyomkin,D"]
[PlyCount "69"]
[EventDate "2002.01.23"]
[EventType "tourn"]
[EventRounds "9"]
[EventCountry "GER"]
[EventCategory "12"]
[SourceTitle "CBM 088"]
[Source "ChessBase"]
[SourceDate "2002.03.21"]
[SourceVersion "1"]
[SourceVersionDate "2002.03.21"]
[SourceQuality "1"]

1. e4 c5 2. Nf3 d6 3. d4 cxd4 4. Nxd4 Nf6 5. Nc3 a6 6. Bg5 e6 7. f4 Qc7 8. Qf3
b5 (8... Be7 {-was tried in some games;}) 9. Bxf6 gxf6 10. Bd3 b4 $146 (10...
Nd7 11. O-O-O Bb7 12. Rhe1 (12. Kb1 Nc5 13. f5 b4 14. Nce2 e5 15. Nb3 {0-1
Dworakowska,J-Tetenkina,I/Zagan 1995/EXT 97 (33). (33)}) 12... O-O-O 13. f5 Nc5
14. fxe6 fxe6 15. Qh3 Qd7 16. Be2 h5 17. b4 $1 $16 {1/2-1/2 Suetin,A-Balashov,
Y/Sochi 1973/MCL (28). (27)}) (10... Nc6 11. Nxc6 Qxc6 12. f5 Ra7 13. fxe6 fxe6
14. O-O-O Bh6+ 15. Kb1 O-O 16. Qh3 Bg7 17. Ne2 Qc5 18. Rhf1 Qe5 $11 {0-1
Vuckovic,B-Sedlak,N/Subotica 2000/EXT 2001 (29). (29)}) (10... Bb7 11. Qh5 $2 (
11. f5 $142 $14) 11... Qc5 $1 $15 {0-1 Bosbach,M-Rytshagov,M/Mittelrhein 1994/
EXT 2002 (37). (37)}) 11. Nce2 Nd7 12. e5 {f4-f5 plan doesn't have a sense
here- black would get e5 outpost for the knight;} Bb7 13. Qh5 {[%cal Rd4e6]}
Nc5 14. exf6 Rg8 (14... Bxg2 15. Rg1 Bd5 16. Rg7 Bxg7 17. fxg7 Rg8 18. Bxh7
Rxg7 19. Be4 {[%cal Gh5h8] leaving it messy;}) 15. f5 e5 (15... O-O-O 16. fxe6
fxe6 17. Nf4 Qd7 18. Qxh7 Rg4 $44) 16. Ne6 {[%mdl 64]} Qc6 $6 {Black queen
went to the wrong square; 16...Qb6 could give black chances for advantage;} (
16... Qb6 17. O-O-O (17. Bc4 d5 $1) 17... Nd7 $1 {[%cal Gd7f6,Yb6e3]}) 17. Bc4
{[%csl Rf7]} Nxe6 {That's the lack of Qc6 move- black doesn't have d6-d5 now;}
(17... d5 18. Bxd5 {[%cal Ye6c7]}) 18. Bxe6 $6 {This move will force white to
sacrifice the bishop on e6, however there is nothing wrong in it- white would
get two pawns e6 and f6 there;} (18. fxe6 $142 Rg6 $8 19. Bb3 (19. Qxh7 Rxf6
20. exf7+ Ke7 21. Qh4 Qe4 $1) 19... Rxf6 20. O-O-O {[%cal Gb3d5]} (20. Qh4 $5))
18... Qc7 19. Ng3 {[%cal Rh5h7]} h6 20. O-O-O Rg5 21. Qh4 fxe6 22. fxe6 {
White can always take a piece back for those pawns, but the bigger problem is
that black got an attack against white king;} Rc8 23. Rd2 Qc4 24. Qh3 {The
only chance of white is in the middlegame;} (24. Qxc4 Rxc4 25. Rf1 {[%cal
Re6e7,Yf6f7]} Rf4 $1 $15 {[%csl Ye6,Yf6] white pawns are not supported by
white pieces;}) 24... Qxa2 25. Kd1 {Both kings are totaly uncovered now!} Qb1+
$4 {The following crazy line suddenly ends to the draw!} (25... Rc6 $1 {
[%cal Gb7c8,Yd6d5,Yc6f6,Yc6e6] Only Fritz is able to find such defenses- black
needs control over 6th rank the most;} 26. e7 Bxe7 27. fxe7 d5 28. Rf1 Qxb2 29.
Ne4 $1 b3 $1 (29... dxe4 30. Qd7#) 30. Nxg5 bxc2+ 31. Ke2 Qb5+ 32. Rd3 $8 (32.
Kf2 Qxf1+ $19) 32... c1=N+ $3 (32... c1=Q 33. Rf8+ Kxe7 34. Rf7+ Ke8 35. Qd7#)
33. Rxc1 Rxc1 34. Qh5+ Kxe7 35. Qf7+ Kd8 (35... Kd6 36. Ne4+ Kc6 37. Qe6+ {
with perpetual at least;}) 36. Ne6+ Kc8 37. Qg8+ Kd7 38. Qf7+ Kd6 39. Qf6 $1 {
and probably white intitiative is enough for the draw;}) 26. Ke2 Qxb2 27. e7
Bxe7 28. Qe6 $1 {That's why black had to stay with the queen over a2-g8
diagonal;} Rc7 29. Rf1 $1 {entering the last piece to the attack- nothing can
stop white here;} e4 30. fxe7 Rxe7 31. Qxd6 Bd5 32. Qb8+ Kd7 33. Qb7+ Ke6 34.
Qb6+ Ke5 (34... Kd7 35. Rf8 {and white gonna mate black king here too;}) 35.
Qf6# 1-0

[Event "FRA-ch Pool A"]
[Site "Vichy"]
[Date "2000.08.23"]
[Round "6"]
[White "Nataf, Igor Alexandre"]
[Black "Degraeve, Jean Marc"]
[Result "1-0"]
[WhiteElo "2526"]
[BlackElo "2540"]
[Annotator "Tyomkin,D"]
[PlyCount "43"]
[EventDate "2000.08.15"]
[EventType "tourn"]
[EventRounds "7"]
[EventCountry "FRA"]
[EventCategory "11"]
[SourceTitle "CBM 079"]
[Source "ChessBase"]
[SourceDate "2000.11.21"]
[SourceVersion "1"]
[SourceVersionDate "2000.11.21"]
[SourceQuality "1"]

1. e4 c5 2. Nf3 d6 3. d4 cxd4 4. Nxd4 Nf6 5. Nc3 a6 6. Bg5 e6 7. f4 Nc6 8. e5
h6 9. Bh4 g5 10. fxg5 {In the other game of FRA ch, Igor Nataf tried the less
popular 10.Bg3, but he has got dangerous position:} (10. Bg3 Nd5 11. Nxd5 exd5
12. f5 Nxe5 (12... dxe5 $142 13. Nxc6 bxc6 14. Bxe5 Bb4+ 15. c3 O-O $15) 13.
Be2 Bg7 14. O-O Nc6 15. c3 Nxd4 16. cxd4 Qf6 {1/2-1/2 Nataf,I-Relange,E/Vichy
FRA 2000/The Week in Chess 302 (16)}) 10... Nd5 11. Nxd5 exd5 12. exd6 {
I believe that Nataf knew this opening line. About Degraeve- I don't know, but
probably less than Nataf.} (12. e6 Bxe6 13. Nxc6 bxc6 14. Qd4 Qa5+ 15. b4 Bg7
$2 (15... Qa3 $142 16. g6 $5 $132) 16. Qxg7 Qxb4+ 17. Kf2 Qxh4+ $2 18. g3 $18 {
1-0 Jakubiec,A-Szelag,M/Zakopane chT 2000/The Week in Chess 310 (34)}) 12...
Qxd6 (12... Bxd6 13. Nxc6 (13. Qe2+ Qe7 14. Nxc6 bxc6 15. g6 Qxe2+ 16. Bxe2
fxg6 $11 {1/2-1/2 Kristensen,B-Gormally,D/Taastrup 1997/EXT 99 (28)}) 13...
bxc6 14. Qd4 Qe7+ 15. Be2 (15. Kd2 $5) 15... Be5 (15... Qe5 $5) 16. Qa4 Rb8 17.
g6 Qd6 (17... Qb4+ $1) 18. gxf7+ {1-0 McDonald,N-Danner,G/Budapest 1996/CBM 52
ext (32)}) (12... hxg5 $5 13. Qe2+ Kd7 14. Nxc6 $13) 13. Qe2+ Be7 14. Nxc6 bxc6
15. Bg3 Qb4+ $2 $146 {Not successful novelty- it leads to losing position
immediatly. 15...Qg6 deserves attention. Black drew somehow in the following
game, but there is a field for improvements for both sides:} (15... Qg6 16. Qe5
(16. Be5 $6 O-O {with advantage in development for black.}) 16... Qe6 17. Qxe6
Bxe6 18. Be5 Rg8 19. gxh6 f6 20. Bf4 Bf5 21. O-O-O {1/2-1/2 Forster,R-Hoffmann,
M/Lippstadt 1995/EXT 97 (21)}) 16. c3 $16 Qa4 $6 {The best for black was to go
to the ending with pawn down:} (16... Qe4 17. Qxe4 dxe4 18. gxh6 Rxh6 19. Bc4
$16) 17. Qe5 Rg8 $2 {Still black had the same ending:} (17... Qe4+ 18. Qxe4
dxe4 19. gxh6 Rxh6 20. Bc4 $16) 18. gxh6 $18 {[%cal Rh6h7] Now black is
defendless.} Qc2 19. Be2 Qg6 20. Bh5 Qxh6 (20... Qe4+ 21. Qxe4 dxe4 22. O-O Be6
23. Be5 $18 {[%cal Rh6h7]}) 21. O-O Be6 22. Rae1 {[%cal Re5e6,Rh5f7] The enter
of last white piece to the game forces the immediate surrender of black. Black
even can not castle because of mate in one.} 1-0

[Event "MK Cafe Cup-A"]
[Site "Koszalin"]
[Date "1999.08.10"]
[Round "7"]
[White "Dvoirys, Semen I"]
[Black "Lesiege, Alexandre"]
[Result "1-0"]
[WhiteElo "2590"]
[BlackElo "2553"]
[Annotator "Tyomkin,D"]
[PlyCount "45"]
[EventDate "1999.08.03"]
[EventType "swiss"]
[EventRounds "9"]
[EventCountry "POL"]
[SourceTitle "CBM 073"]
[Source "ChessBase"]
[SourceDate "1999.12.01"]
[SourceVersion "1"]
[SourceVersionDate "1999.12.01"]
[SourceQuality "1"]

1. e4 c5 2. Nf3 d6 3. d4 cxd4 4. Nxd4 Nf6 5. Nc3 a6 6. Bg5 e6 7. f4 Qc7 8. f5
Nc6 (8... b5 9. Bxf6 gxf6 10. Qh5 b4 11. Ncb5 $2 (11. Nce2 $142) 11... Qc5 $1 (
11... axb5 12. fxe6 $36) 12. Nb3 Qe3+ $17 13. Kd1 axb5 14. Bxb5+ Ke7 15. Re1
Qb6 16. Bc4 Nc6 17. fxe6 fxe6 18. g4 Ne5 19. Bd3 Bg7 {0-1 Tosic,M-Cseshkovsky
Vitaly/Vrnjachka Banja YUG 1982 (19)}) (8... Be7 9. fxe6 (9. Qf3 $5 Nc6 10.
O-O-O Nxd4 11. Rxd4 b5 12. Qg3 e5 $6 13. Bxf6 Bxf6 14. Nd5 Qd8 15. Rd3 {
1-0 Conquest,S-Zygouris,H/Iraklion 1992 (37)}) 9... fxe6 10. g3 (10. Be2 O-O
11. Bg4 Nxg4 12. Qxg4 e5 13. Nf5 Bxf5 14. exf5 Bxg5 15. Qxg5 Nc6 $15 {
Vitolinsh-Gutman/URS 1975}) 10... Nc6 11. Bh3 Qa5 12. Nxc6 bxc6 13. Qd2 Rb8 14.
Rb1 h6 15. Be3 O-O 16. O-O Qh5 $15 {Matulovic-Tukmakov,V/Titograd 1982}) 9.
fxe6 fxe6 10. Bc4 $5 $146 {This is improvement for white in this variation.
Bishop makes a strong pressure on diagonal a2-g8,espessially on-e6.} (10. Nxc6
bxc6 11. Be2 Be7 12. e5 dxe5 13. Bh5+ g6 14. Bxf6 Bxf6 15. O-O $44 {
Vitolinsh-Kengis/Latvia 1975}) 10... Nxd4 11. Qxd4 Be7 12. Bb3 b5 (12... O-O
13. O-O-O {[%csl Re6] and white looks much better.}) 13. a4 Rb8 14. axb5 axb5
15. Ra7 Qb6 $4 (15... Qc6 $142 16. O-O Rf8 (16... Bd8 {[%cal Gd8b6]} 17. Bxf6
gxf6 18. Kh1 Qc5 19. Qxc5 dxc5 20. Nxb5 $1 Rxb5 21. Ba4 Bd7 22. Rd1 Bc6 23. Rd6
$18) 17. Be3 $36 {[%cal Ge4e5]}) (15... Rb7 16. Nxb5 {[%cal Ya7c7]}) {[%tqu
"En","White has a way to win material by tactical blow.","","","c3b5","",10]}
16. Nxb5 $18 {[%mdl 64]} Bd7 17. Nc7+ Kf7 18. Nxe6 $1 {[%mdl 192] Very
impressive.White makes an invitation to black king to make a trip in the
center,and Black is forced to accept it.} Bxe6 19. Bxe6+ Kxe6 20. Qc4+ $1 {
[%mdl 192] This is better than 20.Bxf6.} d5 21. exd5+ Kf5 (21... Kf7 22. d6+
Kg6 23. Qd3+ Kxg5 (23... Kh5 24. Rxe7 $18 (24. Bd2 $18 {[%cal Gd3f5]})) 24. h4+
{mating.}) 22. Rxe7 Kxg5 23. h4+ (23. h4+ Kh5 24. Qe2+ Ng4 25. Re5+ {[%cal
Ge5e6]}) 1-0

[Event "CUB-ch"]
[Site "Holguin"]
[Date "2002.04.03"]
[Round "4"]
[White "De la Paz Perdomo, Frank"]
[Black "Vera Gonzalez Quevedo, Reynaldo"]
[Result "0-1"]
[WhiteElo "2427"]
[BlackElo "2534"]
[Annotator "Tyomkin,D"]
[PlyCount "80"]
[EventDate "2002.03.31"]
[EventType "tourn"]
[EventRounds "17"]
[EventCountry "CUB"]
[EventCategory "9"]
[SourceTitle "CBM 089"]
[Source "ChessBase"]
[SourceDate "2002.08.12"]
[SourceVersion "1"]
[SourceVersionDate "2002.08.12"]
[SourceQuality "1"]

1. e4 c5 2. Nf3 d6 3. d4 cxd4 4. Nxd4 Nf6 5. Nc3 a6 6. Bg5 e6 7. f4 Qc7 8. Bxf6
(8. Qf3 {-leads to main lines of Najdorf;}) 8... gxf6 9. Qd2 b5 10. O-O-O (10.
Bd3 Bb7 11. O-O-O Nd7 12. Rhe1 O-O-O 13. f5 Nc5 14. a3 Kb8 15. Kb1 h5 16. Qe3
Bh6 17. Qh3 Qe7 18. Qf3 {1/2-1/2 Khalifman,A-Lautier,J/Moscow 2001/CBM 86 (18)}
) 10... Bb7 11. Bxb5+ $6 {Aggresive but dubious way- white will have to fight
hard for the draw in forthcoming ending;} (11. Bd3 {-would transform it to
Khalifman,A-Lautier,J-see 10.Bd3;}) 11... axb5 12. Ndxb5 Qc6 {The ending is
the best solution for black here;} (12... Qb6 13. Nxd6+ Bxd6 14. Qxd6 Nc6 15.
Nd5 $1 $132) 13. Nxd6+ Bxd6 14. Qxd6 Qxd6 15. Rxd6 Ra6 $15 16. Rd2 (16. Rxa6
Nxa6 $15 {[%cal Ge8e7,Ga6c5]}) 16... Ke7 17. Rhd1 Rc8 {[%csl Re4][%cal Gc8c4,
Gc8c3] Rxc3 is threatening to destroy white's pawn chain and to grab e4 or a2
there;} 18. Rd3 {to prevent Rxc3;} (18. g3 Rxc3 $1 19. bxc3 Rxa2 $15 {[%csl
Re4]}) 18... Rac6 (18... Rc4 19. b3 Rb4 20. Rd8 Bc6 21. Kb2 Nd7 $15) 19. R1d2 (
19. Rh3 $142 Rc4 20. Re1 $15) 19... Rc4 20. Rd4 (20. Re2 Nd7 {[%csl Re4][%cal
Gd7c5]}) 20... e5 (20... f5 21. exf5 Rxd4 22. Rxd4 Bxg2 23. fxe6 Kxe6 $15 {
[%csl Rf4][%cal Ge6f5]}) 21. R4d3 Bxe4 {21...f5 very strong instead; 21...Bxe4
was premature- now white has a way to equalize;} (21... f5 $5 22. fxe5 (22.
exf5 Rxf4 $17) 22... fxe4 23. Rh3 Nd7 24. Rxh7 Nxe5 {[%cal Ge7e6,Gf7f5,Yc4b4,
Ye5c4]}) 22. Re3 Rxc3 23. bxc3 Rc4 24. Rde2 f5 25. fxe5 Nd7 26. Rh3 Nxe5 27.
Rxh7 $11 {Only 2 pawns 'f' are left for black- not enough material to win the
game; On the other hand, white can not play for the win as well- black pieces
are dominating and all white pawns are weak;} Rxc3 28. Rh8 $6 {Letting black
to transfer the knight to f4;} (28. g3 Ra3 29. Kb1 Nc4 30. Rh4 {[%cal Rh4e4]}
Ne3 {[%cal Ge7e6,Ge6e5]} 31. Kb2 Nc4+ 32. Kb1 Ne3 $11) 28... Ng6 29. Rg8 Nf4 {
[%csl Rc2,Rg2]} 30. Rxe4+ $2 {White doesn't stand the pressure and overlooks
the tactics;} (30. Rd2 Nd3+ 31. Rxd3 (31. Kb1 Nb4 {[%csl Rc2]}) 31... Bxd3 32.
Kd2 Rxc2+ 33. Kxd3 Rxa2 $11) 30... fxe4 31. Rg4 {It looks like white grabs
e4-pawn, and the draw is obvious there, but...} Nd3+ $1 32. Kd2 Rc4 $1 {
That's the point- black keeps on the pawn e4 now;} 33. Ke3 (33. cxd3 e3+ {
[%csl Rg4]}) ({The best practical chance was:} 33. Rg3 $142 Nf4 $19 {[%cal
Gf7f5,Ge7e6]} (33... Nb4 34. Rc3 $1)) 33... Nc5 34. h4 Rxc2 35. h5 Rxa2 36. h6
Ra8 37. Rg5 Ne6 38. Rh5 Kf6 39. Kxe4 Kg6 40. Rh1 Ng5+ {[%cal Ga8h8,Gh8h6] and
f7 pawn is enough to win here;} 0-1